MARC

LEADER 00000nas a2200000 i 4500
001 ssj0000399618
003 WaSeSS
005 20200512172242.0
006 m d
007 cr n
008 101020c20119999enkqr p s 0 a0eng
010 |a  2010208196 
015 |a GBB5G9625  |2 bnb 
016 7 |a 017630928  |2 Uk 
022 |a 2158-0715  |y 2158-0103 
035 |a (WaSeSS)ssj0000399618 
037 |b T & F Order Processing, Sheepen Place, Colchester, Essex CO3 3LP, UK 
040 |a DLC  |b eng  |e pn  |c DLC  |d DLC  |d TXA  |d OCLCQ  |d OCLCF  |d OCLCA  |d AGL  |d OCLCO  |d OCLCQ  |d NLE  |d DLC  |d UKMGB  |d VT2  |d WaSeSS 
042 |a pcc  |a nsdp 
043 |a a-ko--- 
050 0 0 |a SD1 
070 0 |a SD356  |b .F67 
082 1 0 |a 577  |2 14 
130 0 |a Forest science and technology (Online) 
210 0 |a Forest sci. technol.  |b (Online) 
222 0 |a Forest science and technology  |b (Online) 
245 1 0 |a Forest science and technology  |h [electronic resource]. 
246 1 |a Forest sciences and technology 
260 |3 <2006-> :  |a [Seoul] :  |b [Korean Forest Society] 
310 |a Quarterly,  |b 2011- 
321 |a Semiannual,  |b 2006-2010 
362 1 |a Began with Volume 1, issue 1 (2005). 
506 |a License restrictions may limit access. 
588 |a Description based on: Volume 1, issue 1 (2005); title from journal homepage (tandf, viewed September 19, 2012). 
588 |a Latest issue consulted: Volume 14, issue 4 (2018) (Taylor & Francis Online, viewed November 3, 2018). 
650 0 |a Forests and forestry  |v Periodicals. 
650 0 |a Forests and forestry  |z Korea (South)  |v Periodicals. 
650 0 |a Forests and forestry  |x Research  |v Periodicals. 
650 7 |a Forests and forestry.  |2 fast  |0 (OCoLC)fst00932632 
650 7 |a Forests and forestry  |x Research.  |2 fast  |0 (OCoLC)fst00932741 
651 7 |a Korea (South)  |2 fast  |0 (OCoLC)fst01206791 
655 0 |a Electronic journals. 
776 0 8 |i Print version:  |t Forest science and technology  |x 2158-0103  |w (DLC) 2010208197  |w (OCoLC)671364777 
780 0 0 |t Forest research  |w (OCoLC)639464642 
850 |a DLC 
856 4 0 |z Full text available from Research Library: 03/01/2017 to present  |u https://search.proquest.com/publication/1316355